Квиз о Турској - Statistics

General Stats
  • This quiz has been taken 729 times
  • The average score is 13 of 20
Answer Stats
Опис Одговор % Correct
Главни град Анкара
99%
Највећи град Истанбул
97%
Четири мора на која излази Турска Црно море
89%
Како се овај град звао раније? Константинопољ / Цариград / Византион
87%
Државна валута Лира
83%
Четири мора на која излази Турска Егејско море
82%
Титула владара тог царства Султан
81%
Које турско царство је срушено 1923. године? Османско царство
80%
Некад највећа црква православног света Аја Софија
76%
Четири мора на која излази Турска Средоземно море
74%
Особа која је срушила то царство и успоставила савремену Турску Мустафа Кемал Ататурк
59%
Популарни град за летовање у Турској Анталија
58%
Који обални град, некада познат под именом Смирна је трећи највећи град у Турској? Измир
56%
Четири мора на која излази Турска Мраморно море
54%
Слаткиш који се права од ораха, датула и желатина Рахат {локум}
54%
Друга највећа етничка група у Турској Курди
53%
Други назив за џамију султана Ахмеда {Плава} џамија
46%
Титула православног патријарха који влада у том граду {Васељенски} патријарх
37%
Највиша планина у Турској Арарат
36%
Назив за унутрашњост малоазијског полуострва Анадолија
27%
No matching quizzes found
Score Distribution
Percent of People with Each Score
Percentile by Number Answered
Your Score History
You have not taken this quiz